000 00561nam a2200241 a 4500
001 nice12345678
003 IN_TiNIC
005 20260116011917.0
008 050524s1977 newa grp 000 0 eng
020 _a
_c9.5
082 0 0 _a305.480297
_bRAM
100 _aRam, Malik
245 _aAwrat Awr Islami Taleem
260 _aNew Delhi
_bMaktaba Jamia
_c1977
300 _a206p
500 _aincludes index and biblioraphy
505 2 _aIndex
650 _aWomen in Islam
700 1 _aRam, Malik
902 _bSRS
942 _cBK
999 _c4880
_d4880